The marketing strategy of Netflix, and the possible reasons, why does the company not have many subscribers in Hungary

Bibliographic Details
Main Author: Devecser Zsolt Tamás
Other Authors: Szabó Dr. habil Zoltán
Format: Thesis
Kulcsszavak:Marketing
Netflix
Magyarország
Marketingstratégia
Online Access:http://dolgozattar.uni-bge.hu/22558

MARC

LEADER 00000nta a2200000 i 4500
001 dolg22558
005 20200420165359.0
008 190517suuuu hu om 000 eng d
040 |a BGE Dolgozattár Repozitórium  |b hun 
041 |a en 
100 1 |a Devecser Zsolt Tamás 
245 1 4 |a The marketing strategy of Netflix, and the possible reasons, why does the company not have many subscribers in Hungary  |c Devecser Zsolt Tamás  |h [elektronikus dokumentum] 
246 1 1 |a A Netflix marketing stratégiája, illetve a lehetsége okai hogy miért nem olyan népszerű Magyarországon 
695 |a Marketing 
695 |a Netflix 
695 |a Magyarország 
695 |a Marketingstratégia 
700 1 |a Szabó Dr. habil Zoltán  |e ths 
856 4 0 |u http://dolgozattar.uni-bge.hu/22558/1/Thesis_Zsolt_Devecser.pdf  |z Dokumentum-elérés